000 00319nam a22001337a 4500
008 171031b xxu||||| |||| 00| 0 eng d
020 _a9780132278201
041 _aeng
080 _27 ED
_a33
100 _a59
101 _aBUS
245 _aESSENTIALS BUSIINESS INFORMATION SYSTEMS
_cLAUDON.K.C
942 _2udc
_cBK
999 _c36909
_d36909